Responses for Show #3425 - Friday, June 25, 1999

Terry Currin game 5.

Contestants

[<< previous game]

Dallas Dickinson, an entertainment coordinator from Los Angeles, California

Norman Rogers, an asphalt plant operator from Santa Ana, California

Terry Currin, a systems analyst from White Lake, Michigan (whose 4-day cash winnings total $34,199)

[next game >>]

Jeopardy! Round responses

LABOR
ACTOR-DIRECTORS
THE MALE OF THE SPECIES
POTENT POTABLES
THEY HAVE LAST NAMES
NONMETALS
    $100 6
strike

Terry
    $100 11
Goldie Hawn

Terry
    $100 26
bull

Dallas
    $100 1
(Norman: What is Princeton?)
(Alex (before DD on clue 14): Norman, our researchers have found a cocktail named the Princeton to also have dry vermouth.)

Yale

NormanDallas
    $100 16
Galileo

Dallas
    $100 21
Cool Whip

Norman
    $200 7
child labor

Terry
    $200 12
Diane Keaton

Dallas
    $200 27
[Pickup truck]

Ram

Norman
    $200 2
schnapps

Terry
    $200 17
Madonna

Norman
    $200 22
"Paper Roses"

Terry
    $300 8
collective bargaining

Dallas
    $300 13
Robert Redford

Norman
    $300 28
gobbler

Triple Stumper
    $300 3
onion

Dallas
    $300 18
Dante

Norman
    $300 23
haystack

Dallas
    $400 9
United Nations

Dallas
    $500 14
(Norman: [no response])

Kenneth Branagh

Norman
    $400 29
Hart

Terry
    $400 4
bourbon

Terry
    $400 19
(Dallas: Who was Molly?)

Little Richard

NormanDallas
    $400 24
pork

Terry
    $500 10
Letter Carriers

Dallas
    $500 15
The Night of the Hunter

Triple Stumper
    $500 30
Jack

Triple Stumper
    $500 5
Justerini & Brooks

Triple Stumper
    $500 20
Michelangelo

Dallas
    $500 25
(Norman: What is nylon?)
(Alex: A minute to go.)

polyester

NormanDallas

Scores at the first commercial break (after clue 14):

Terry Norman Dallas
$1,000 -$100 $1,800

Scores at the end of the Jeopardy! Round:

Terry Norman Dallas
$2,000 $600 $2,900

Double Jeopardy! Round responses

SOAPS
GENERAL HOSPITAL
DAYS OF OUR LIVES
ALL MY CHILDREN
AS THE WORLD TURNS
GUIDING "LIGHT"
    $200 26
Ivory Soap

Terry
    $200 7
acupuncture

Dallas
    $200 21
Bob Dole

Dallas
    $200 16
Robert F. Kennedy

Dallas
    $200 6
(Republic of) Togo

Terry
    $200 1
pilot light

Dallas
    $400 27
borax

Terry
    $400 8
anesthesiologist

Norman
    $400 22
Thursday

Dallas
    $400 17
Bruce Willis & Demi Moore

Terry
    $400 12
(Norman: What is Sydney Harbor?)

Botany Bay

NormanDallas
    $400 2
light year

Dallas
    $600 28
Bon Ami

Terry
    $600 9
X-ray

Norman
    $600 23
Super Bowl Sunday

Norman
    $600 18
Joan Crawford

Norman
    $1,500 13
Iceland

Dallas
    $600 3
Light Brigade

Terry
    $1,000 29
(Alex: You had a chance to clean up there!)

Lava

Terry
    $800 10
Paris

Norman
    $800 24
December 31, 1999

Terry
    $800 19
Munster

Dallas
    $800 14
Khyber Pass

Dallas
    $800 4
light operas

Norman
    $1000 30
(Dallas: What is Camay?)

Dove

TerryDallas
    $1000 11
George Washington University

Dallas
    $1000 25
(Dallas: What is June 11, 1960...)
(Norman: What is June 19, 1969?)

July 20, 1969

NormanDallas
Triple Stumper
    $1000 20
Henry VIII

Triple Stumper
    $1000 15
(Norman: What is volcano?)

The Valley of Ten Thousand Smokes

Norman
Triple Stumper
    $1000 5
Lighthouse at Alexandria

Dallas

Scores at the end of the Double Jeopardy! Round:

Terry Norman Dallas
$7,200 $2,000 $8,000

[wagering suggestions for these scores]

Final Jeopardy! Round responses

BANDS OF THE '70s
(Alex: If you wrote down "What is the Guy Lombardo Orchestra?" you are wrong!)
...
(Alex: The reason we penalized you, Norman, is because you forgot the "S" on Stills; it's [*]. It's not just a spelling mistake in this case.)
...
(Alex: Terry, you also get your choice of those vehicles. What have you selected?)
(Terry: I think I'll take the Tahoe!)
NormanWho are Crosby Still Nash & Young
$1,999
TerryWho is the Moody Blues?
$801
DallasWho are The Eagles
$6,500
Crosby, Stills, Nash & Young

Final scores:

Terry Norman Dallas
$6,399 $1 $1,500
5-day champion: $40,598 3rd place: Oz Airlines Hot Air Balloon Flight over Southern California 2nd place: Techmedia Computer System & CardScan Plus

Game dynamics:

Coryat scores:

Terry Norman Dallas
$7,000 $2,500 $7,100
17 R
(including 1 DD),
0 W
13 R,
5 W
(including 1 DD)
23 R
(including 1 DD),
3 W

Combined Coryat: $16,600

[game clues] [game scores] [suggest correction]

Game tape date: Unknown
The J! Archive is created by fans, for fans. Scraping, republication, monetization, and malicious use prohibited; this site may use cookies and collect identifying information. See terms. The Jeopardy! game show and all elements thereof, including but not limited to copyright and trademark thereto, are the property of Jeopardy Productions, Inc. and are protected under law. This website is not affiliated with, sponsored by, or operated by Jeopardy Productions, Inc. Join the discussion at JBoard.tv.